[Event "Wch Blitz 9th"]
[Site "Berlin"]
[Date "2015.10.14"]
[Round "13"]
[White "Roiz, Michael"]
[Black "Savchenko, Boris"]
[Result "1-0"]
[WhiteElo "2600"]
[BlackElo "2567"]
[PlyCount "56"]
[EventDate "2015.10.13"]
[EventType "swiss (blitz)"]
[EventRounds "21"]
[EventCountry "GER"]
[SourceTitle "CBM 168 Extra"]
[Source "ChessBase"]
[SourceDate "2015.10.29"]
[SourceVersion "1"]
[SourceVersionDate "2015.10.29"]
[SourceQuality "1"]

1. Nf3 d5 2. g3 Bf5 3. Bg2 e6 4. O-O Nf6 5. d3 Be7 6. c4 Na6 ({RR} 6... Nbd7 7. Nh4 Bg6 8. cxd5 Nxd5 9. Nxg6 hxg6 10. e4 N5b6 11. d4 O-O 12. Nc3 c6 13. e5 Nd5 14. h4 Qa5 15. Qf3 Rfd8 16. Rd1 Nxc3 17. bxc3 Nb6 18. Rd3 Rd7 19. h5 gxh5 20. Qxh5 g6 21. Qg4 {Kramnik,V (2753)-Bareev,E (2643) Amsterdam 2019 1-0 (51)}) ({RR} 6... O-O 7. Be3 Nbd7 8. Nc3 c5 9. cxd5 exd5 10. d4 c4 11. Bf4 Qa5 12. Rc1 h6 13. Ne5 Rad8 14. Re1 b5 15. Nc6 {1-0 (15) Tabuenca Mendataurigoitia,D (2365)-Leve,N (2128) chess.com INT 2024}) 7. cxd5 $146 ({RR} 7. a3 O-O 8. cxd5 exd5 9. b4 c6 10. Nbd2 Nc7 11. Nb3 Nfe8 12. Bb2 Nd6 13. Re1 Re8 14. Qc2 h6 15. e4 Bh7 16. Ne5 Bf8 17. f4 Qc8 18. f5 Qd8 19. Nc5 a5 20. Ned7 Be7 21. f6 gxf6 {Mikhalevski,V (2536)-Savchenko,B (2567) Berlin 2015 1-0 (39)}) 7... exd5 8. b3 O-O 9. Bb2 Nc5 10. Nbd2 Re8 11. Rc1 Ne6 12. Nh4 Bg4 13. h3 Bh5 14. Ndf3 c6 15. g4 Bg6 16. Nxg6 hxg6 17. e3 Qb6 18. Qc2 Nh7 19. h4 Bf6 20. g5 Bxb2 21. Qxb2 Nhf8 22. Ne5 d4 23. Bh3 dxe3 24. Nc4 Qd4 25. Bxe6 Nxe6 26. fxe3 Qxh4 27. Rf2 Nxg5 28. Rg2 b5 1-0

[Event "Wch Blitz 9th"]
[Site "Berlin"]
[Date "2015.10.14"]
[Round "13"]
[White "Vachier Lagrave, Maxime"]
[Black "Gelfand, Boris"]
[Result "1-0"]
[WhiteElo "2758"]
[BlackElo "2741"]
[PlyCount "67"]
[EventDate "2015.10.13"]
[EventType "swiss (blitz)"]
[EventRounds "21"]
[EventCountry "GER"]
[SourceTitle "CBM 168 Extra"]
[Source "ChessBase"]
[SourceDate "2015.10.29"]
[SourceVersion "1"]
[SourceVersionDate "2015.10.29"]
[SourceQuality "1"]

1. Nf3 d5 2. g3 g6 3. Bg2 Bg7 4. O-O e5 5. d3 Ne7 6. e4 dxe4 7. dxe4 Qxd1 8. Rxd1 Nbc6 9. c3 Be6 10. Na3 h6 11. Be3 a6 12. Nd2 $146 ({RR} 12. Ne1 O-O 13. f4 Rfd8 14. Rxd8+ Rxd8 15. Kf2 b5 16. Nac2 Na5 17. fxe5 Nec6 18. Nd4 Nxe5 19. Nxe6 fxe6 20. Bh3 Kf7 21. Ke2 Nac4 22. Bc1 b4 23. cxb4 Nc6 24. Nc2 Bxb2 25. Bxb2 Rd2+ 26. Ke1 Rxc2 {Mares,P-Folkova,M (2197) Usti nad Orlici 2006 0-1 (54)}) 12... O-O 13. Bf1 Rfd8 14. Bc4 Bxc4 15. Naxc4 f5 16. Nb3 b6 17. f3 Rxd1+ 18. Rxd1 Rd8 19. Rxd8+ Nxd8 20. a4 Ne6 21. Kf2 f4 22. Bd2 fxg3+ 23. hxg3 h5 24. a5 b5 25. Ne3 c5 26. c4 Nd4 27. Nxc5 Nec6 28. Nxa6 bxc4 29. Nxc4 Nb3 30. Bc3 Kf7 31. Nc7 Bf8 32. a6 Bc5+ 33. Kg2 Nbd4 34. b4 1-0

[Event "Wch Blitz 9th"]
[Site "Berlin"]
[Date "2015.10.14"]
[Round "14"]
[White "Edouard, Romain"]
[Black "Bartel, Mateusz"]
[Result "1-0"]
[WhiteElo "2636"]
[BlackElo "2622"]
[PlyCount "139"]
[EventDate "2015.10.13"]
[EventType "swiss (blitz)"]
[EventRounds "21"]
[EventCountry "GER"]
[SourceTitle "CBM 168 Extra"]
[Source "ChessBase"]
[SourceDate "2015.10.29"]
[SourceVersion "1"]
[SourceVersionDate "2015.10.29"]
[SourceQuality "1"]

1. Nf3 d5 2. b3 Nf6 3. Bb2 g6 4. c4 dxc4 5. bxc4 Bg7 6. g3 O-O 7. Bg2 c5 8. O-O Nc6 9. d3 Rb8 ({RR} 9... Bf5 10. Nc3 Qd7 11. Re1 Rac8 12. Rb1 b6 13. Nb5 Bh3 14. Bh1 Ne8 15. Bxg7 Nxg7 16. Ng5 Bg4 17. Qd2 h6 18. Ne4 Kh7 19. Nec3 f5 20. f3 Bh5 21. f4 e6 22. Bg2 Rfd8 23. Kh1 Qe7 24. Qe3 {Radjabov,T (2744)-Jakovenko,D (2736) Khanty-Mansiysk 2011 1-0 (48)}) 10. Nc3 ({RR} 10. Ne5 Nd4 11. e3 Ne6 12. Qc2 Nd7 13. Nxd7 Bxd7 14. Bxg7 Nxg7 15. Nc3 a6 16. a4 b5 17. axb5 axb5 18. cxb5 Bxb5 19. Nxb5 Rxb5 20. Bc6 Ra5 21. Rxa5 Qxa5 22. Rc1 Rd8 23. Be4 e6 24. Qxc5 Qxc5 {Jessel,S (2331)-Garcia Alvarez,D (2124) chess.com INT 2025 0-1 (47)}) 10... b6 11. e3 $146 ({RR} 11. Rb1 Bb7 12. Re1 e6 13. Qc1 e5 14. Nd2 Na5 15. Nf1 Bxg2 16. Kxg2 Nc6 17. Qd1 h5 18. e4 Nd4 19. Ne3 Kh7 20. Ncd5 Ng8 21. f4 exf4 22. Nxf4 Qd7 23. Ned5 Rbe8 24. Bxd4 Bxd4 25. Qf3 Bg7 {Damjanovic,M-Marangunic,S Zagreb 1972 1-0 (36)}) ({RR} 11. Nd2 Bb7 12. Rb1 Nd4 13. Bxb7 Rxb7 14. Nde4 Nxe4 15. Nxe4 Rd7 16. a4 Nc6 17. Bxg7 Kxg7 18. Qc1 e5 19. Qb2 f5 20. Nc3 h5 21. Nd5 Kh7 22. f4 exf4 23. Rxf4 Rxd5 24. cxd5 Qxd5 25. Rbf1 Qe6 {Izdebski,R-Lipski,T (2325) Piotrkow Trybunalski 1977 0-1 (45)}) 11... Bb7 12. Qe2 e6 13. Rfd1 Qe7 14. Rac1 Rfd8 15. d4 Na5 16. Ba3 Nd7 17. Nb5 a6 18. Nc3 Rbc8 19. Na4 Bc6 20. Nc3 Qe8 21. d5 exd5 22. cxd5 Bb7 23. e4 b5 24. Bb2 Nc4 25. Ba1 Nd6 26. Re1 Ne5 27. Nxe5 Bxe5 28. f4 Bd4+ 29. Kh1 Nc4 30. a4 Ne3 31. axb5 axb5 32. Bf3 b4 33. Na2 Qa4 34. Qd2 Bxa1 35. Rxa1 Nc2 36. Bd1 b3 37. Bxc2 bxc2 38. Nc3 Qd4 39. Qxc2 Ra8 40. Rad1 Qc4 41. Qd3 Qxd3 42. Rxd3 Ra3 43. Rde3 c4 44. Kg2 f5 45. exf5 gxf5 46. Kh3 Rb3 47. Re7 Rxc3 48. Rxb7 Rd3 49. Ree7 R3xd5 50. Rg7+ Kf8 51. Rxh7 Kg8 52. Rbg7+ Kf8 53. Rc7 Kg8 54. Rh6 Rd4 55. Rg6+ Kh8 56. Rh6+ Kg8 57. Rg6+ Kh8 58. Rgc6 R8d6 59. Rxd6 Rxd6 60. Rxc4 Kg7 61. Kh4 Kg6 62. h3 Ra6 63. g4 Rf6 64. Rb4 Rc6 65. Rb5 fxg4 66. hxg4 Rc1 67. Rb6+ Kg7 68. Kg5 Rd1 69. Rb7+ Kf8 70. f5 1-0

[Event "Wch Blitz 9th"]
[Site "Berlin"]
[Date "2015.10.14"]
[Round "14"]
[White "Movsesian, Sergei"]
[Black "Vallejo Pons, Francisco"]
[Result "1-0"]
[WhiteElo "2658"]
[BlackElo "2684"]
[PlyCount "111"]
[EventDate "2015.10.13"]
[EventType "swiss (blitz)"]
[EventRounds "21"]
[EventCountry "GER"]
[SourceTitle "CBM 168 Extra"]
[Source "ChessBase"]
[SourceDate "2015.10.29"]
[SourceVersion "1"]
[SourceVersionDate "2015.10.29"]
[SourceQuality "1"]

1. Nf3 f5 2. g3 g6 3. Bg2 Bg7 4. d3 e5 5. e4 fxe4 6. dxe4 Nc6 7. O-O d6 8. Nc3 Nf6 9. Bg5 $146 ({RR} 9. Nd5 O-O 10. Bg5 Be6 11. c3 Ne7 12. Qb3 b6 13. Qc4 h6 14. Bxf6 Bxf6 15. Rfd1 Nxd5 16. exd5 Bf5 17. Nd2 h5 18. Ne4 Rf7 19. Qe2 h4 20. c4 a5 21. Rac1 Qd7 22. Rc3 Raf8 23. b3 Bd8 {Umudova,N (2219)-Bartel,M (2602) Gjovik 2009 0-1 (65)}) 9... h6 10. Be3 g5 11. Nd5 O-O 12. h4 g4 13. Nh2 Qd7 14. Qd2 Kh7 15. Rad1 b6 16. c3 Ba6 17. Rfe1 Rf7 18. a4 Raf8 19. b4 Bc8 20. Qd3 Kh8 21. a5 Ne7 22. Nxf6 Rxf6 23. axb6 axb6 24. c4 Nc6 25. Qd2 Nd4 26. Qa2 c5 27. bxc5 bxc5 28. Rb1 Qf7 29. Rb6 Be6 30. Rxd6 Bxc4 31. Rxf6 Bxa2 32. Rxf7 Rxf7 33. Nxg4 c4 34. Nxh6 Rc7 35. Ra1 Bb3 36. Nf5 c3 37. f4 c2 38. Kf2 Kh7 39. Nxg7 Kxg7 40. fxe5 Be6 41. Bxd4 c1=Q 42. Rxc1 Rxc1 43. Bf3 Rb1 44. g4 Rb4 45. Be3 Bd7 46. Bd2 Ra4 47. Ke3 Ra2 48. Bb4 Rh2 49. Be7 Kf7 50. Bf6 Ra2 51. Kf4 Ra4 52. h5 Be6 53. g5 Ke8 54. g6 Kd7 55. h6 Ra1 56. h7 1-0

[Event "Wch Blitz 9th"]
[Site "Berlin"]
[Date "2015.10.14"]
[Round "15"]
[White "Kunin, Vitaly L"]
[Black "Papin, Vasily"]
[Result "1-0"]
[WhiteElo "2556"]
[BlackElo "2502"]
[PlyCount "93"]
[EventDate "2015.10.13"]
[EventType "swiss (blitz)"]
[EventRounds "21"]
[EventCountry "GER"]
[SourceTitle "CBM 168 Extra"]
[Source "ChessBase"]
[SourceDate "2015.10.29"]
[SourceVersion "1"]
[SourceVersionDate "2015.10.29"]
[SourceQuality "1"]

1. d3 c5 2. Nf3 Nf6 3. e4 d5 4. Nbd2 g6 5. g3 Bg7 6. Bg2 O-O 7. O-O Nc6 8. c3 e5 9. a3 ({RR} 9. Qc2 h6 10. a3 a5 11. exd5 Nxd5 12. a4 Be6 13. Re1 Qc7 14. Nc4 Rfe8 15. Bd2 Rad8 16. Rad1 Bf5 17. Bc1 Nb6 18. Ne3 Be6 19. Nd2 Nd5 20. Nec4 Bg4 21. Nf3 Nb6 22. Qb3 Nxc4 23. Qxc4 Qd7 {Zhang,Z (2617)-Tirto (2413) Tarakan 2008 ½-½ (31)}) 9... a5 ({RR} 9... Re8 10. Re1 a5 11. a4 d4 12. Nc4 Qc7 13. Na3 b6 14. Nb5 Qd7 15. Qc2 Ba6 16. Nd2 Rad8 17. Bf1 Na7 18. Nc4 Rb8 19. Ncd6 Red8 20. Nxa7 Qxa7 21. Nb5 Qd7 22. c4 Qg4 23. h3 Qh5 24. h4 {Gutierrez Olivares,D (2354)-Garmendia Vega,G (1967) chess.com INT 2023 0-1 (42)}) 10. a4 h6 11. exd5 $146 ({RR} 11. Re1 Be6 12. exd5 Nxd5 13. Nc4 Qc7 14. Nfd2 Rad8 15. Na3 Rfe8 16. Qe2 Qd7 17. Ne4 Qe7 18. Nd2 Qd7 19. Ndc4 f5 20. Nb5 Qe7 21. h4 Rd7 22. Bd2 Qd8 23. Rad1 Bf7 24. Bc1 g5 25. hxg5 hxg5 {Moskalenko,A (2442)-Hadzimanolis,A (2219) Moscow 2016 1-0 (60)}) 11... Nxd5 12. Nc4 Re8 13. Re1 Bf5 14. Nh4 Be6 15. Qb3 Qc7 16. Bd2 Rab8 17. Rad1 Red8 18. Bc1 b6 19. Qc2 Bg4 20. Nf3 Re8 21. h3 Be6 22. Re2 f6 23. Rde1 Rbd8 24. Nh4 Bf7 25. f4 Ndb4 26. cxb4 Nxb4 27. Qb1 Nxd3 28. b3 Nxe1 29. Rxe1 e4 30. Bb2 f5 31. Bxg7 Kxg7 32. Qb2+ Kg8 33. Ne5 Qd6 34. Kh2 Re6 35. Re2 Qd4 36. Qc2 Rxe5 37. fxe5 Qd3 38. e6 Be8 39. e7 Rd7 40. Qxd3 Rxd3 41. g4 Rxb3 42. gxf5 g5 43. Ng6 Kf7 44. Bxe4 Kf6 45. Bd5 Rd3 46. Bc4 Kxf5 47. Bxd3+ 1-0

[Event "Wch Blitz 9th"]
[Site "Berlin"]
[Date "2015.10.14"]
[Round "15"]
[White "Piorun, Kacper"]
[Black "Agrest, Evgenij"]
[Result "1-0"]
[WhiteElo "2609"]
[BlackElo "2596"]
[PlyCount "73"]
[EventDate "2015.10.13"]
[EventType "swiss (blitz)"]
[EventRounds "21"]
[EventCountry "GER"]
[SourceTitle "CBM 168 Extra"]
[Source "ChessBase"]
[SourceDate "2015.10.29"]
[SourceVersion "1"]
[SourceVersionDate "2015.10.29"]
[SourceQuality "1"]

1. Nf3 d5 2. g3 g6 3. Bg2 Bg7 4. O-O e5 5. d3 Ne7 6. Nc3 O-O 7. e4 d4 8. Ne2 c5 9. Nd2 Nbc6 10. f4 Be6 ({RR} 10... exf4 11. Nxf4 Ne5 12. Nc4 Bg4 13. Qe1 Nxc4 14. dxc4 Qd7 15. Nd3 b6 16. Bg5 Nc6 17. Qd2 f6 18. Bh6 Rae8 19. Bxg7 Kxg7 20. Rae1 Ne5 21. b3 g5 22. Rf2 Bh3 23. Nxe5 Rxe5 24. Bxh3 Qxh3 25. Rfe2 {Dimakis,S (1929)-Krallis,C (2383) Thessaloniki GRE 2025 0-1 (35)}) 11. Nf3 h6 $146 ({RR} 11... f6 12. fxe5 Nxe5 13. Nf4 Bf7 14. c3 dxc3 15. bxc3 Nxf3+ 16. Bxf3 f5 17. Qc2 fxe4 18. Bxe4 Qd7 19. Be3 Rac8 20. Rab1 b6 21. a4 Nf5 22. Bf2 g5 23. Ne2 Nd6 24. Bg2 c4 25. Rb4 Bg6 26. Be4 {Piassi,K-Soppe,G (2485) Braganca Paulista 1996 0-1 (32)}) ({RR} 11... exf4 12. Nxf4 Bg4 13. h3 Bxf3 14. Qxf3 Ne5 15. Qe2 Qd7 16. Bd2 Rae8 17. b3 N5c6 18. h4 h5 19. Bh3 Qd6 20. g4 hxg4 21. Qxg4 f5 22. exf5 Ne5 23. Qg2 Nxf5 24. Bxf5 Rxf5 25. Nh3 Ref8 26. Rxf5 {Carlsen,M (2832)-Nakamura,H (2786) Chess.com INT 2018 ½-½ (75)}) ({RR} 11... Qc8 12. Nxe5 Nxe5 13. fxe5 Bxe5 14. Bh6 Bg7 15. Bxg7 Kxg7 16. Nf4 Nc6 17. h3 Ne5 {½-½ (17) Hagesaether,E (2045)-Benderac,A (2145) Zagan 1997}) 12. Nh4 exf4 13. gxf4 f5 14. Qe1 Qd7 15. Qg3 Kh7 16. Bd2 a5 17. a3 Rae8 18. Rae1 c4 19. Kh1 cxd3 20. cxd3 fxe4 21. dxe4 Bc4 22. Bh3 Qd6 23. Rg1 Bf7 24. Nc1 Kh8 25. Nd3 b6 26. Qg2 Qf6 27. Nf3 Qd6 28. f5 Ne5 29. Nfxe5 Bxe5 30. Bxh6 Rg8 31. Nxe5 Qxe5 32. Qf2 gxf5 33. Rxg8+ Rxg8 34. Bf4 Qg7 35. Qh4+ Qh7 36. Be5+ Rg7 37. Qxe7 1-0

[Event "Wch Blitz 9th"]
[Site "Berlin"]
[Date "2015.10.14"]
[Round "16"]
[White "Inarkiev, Ernesto"]
[Black "Zvjaginsev, Vadim"]
[Result "1-0"]
[WhiteElo "2660"]
[BlackElo "2660"]
[PlyCount "75"]
[EventDate "2015.10.13"]
[EventType "swiss (blitz)"]
[EventRounds "21"]
[EventCountry "GER"]
[SourceTitle "CBM 168 Extra"]
[Source "ChessBase"]
[SourceDate "2015.10.29"]
[SourceVersion "1"]
[SourceVersionDate "2015.10.29"]
[SourceQuality "1"]

1. Nf3 Nf6 2. g3 b6 3. Bg2 Bb7 4. O-O g6 5. d3 Bg7 6. e4 O-O 7. e5 Ne8 8. Qe2 ({RR} 8. d4 d6 9. Qe2 e6 10. Bf4 c5 11. dxc5 d5 12. cxb6 Qxb6 13. c4 Nc7 14. Be3 Qa6 15. Na3 Nd7 16. Nb5 Nxb5 17. cxb5 Qa5 18. Bd2 Qb6 19. a4 a6 20. Bc3 axb5 21. Qxb5 Qc7 22. Rfc1 Rfc8 {Amin,B (2682)-Petrosyan,M (2621) Almaty KAZ 2022 0-1 (59)}) ({RR} 8. d4 d6 9. c4 c5 10. exd6 Nxd6 11. dxc5 bxc5 12. Na3 Nc6 13. Rb1 Nb4 14. Be3 Rc8 15. Qb3 Qb6 16. Nc2 Be4 17. Nxb4 Qxb4 18. Qxb4 cxb4 19. Rbd1 Bxb2 20. c5 Nc4 21. Rd7 Nxe3 22. fxe3 Bf6 {Jeet,J (2320)-Arabidze,M (2466) chess.com INT 2024 0-1 (41)}) 8... d6 9. e6 f5 $146 ({RR} 9... f6 10. h4 c5 11. h5 Nc6 12. hxg6 hxg6 13. c3 Ne5 14. Nh4 Bxg2 15. Kxg2 f5 16. d4 Ng4 17. d5 Nc7 18. c4 Qe8 19. a4 Bf6 20. Rh1 Kg7 21. f3 Ne5 22. Bh6+ Kxh6 23. Nxf5+ Kg5 24. Qe3+ {Grandelius,N (2672)-De Verdier,M (2291) Chess.com INT 2022 1-0}) ({RR} 9... f6 10. h4 c5 11. h5 Nc6 12. hxg6 hxg6 13. c3 Ne5 14. Nh4 Bxg2 15. Kxg2 f5 16. d4 Ng4 17. d5 Nc7 18. c4 Qe8 19. a4 Bf6 20. Rh1 Kg7 21. f3 Ne5 22. Bh6+ Kxh6 23. Nxf5+ Kg5 24. Qe3+ {Grandelius,N (2672)-De Verdier,M (2291) Chess.com INT 2022 1-0}) 10. Nc3 c5 11. Re1 Nf6 12. Bg5 Nc6 13. Rad1 Rc8 14. Qd2 Nb4 15. a3 Nbd5 16. Ne2 b5 17. Nh4 Qb6 18. Bh6 Nc7 19. Bxg7 Kxg7 20. Nf4 Bxg2 21. Nhxg2 Ncd5 22. h4 Nxf4 23. Nxf4 c4 24. d4 a5 25. c3 b4 26. axb4 axb4 27. Kg2 Ra8 28. h5 g5 29. h6+ Kh8 30. Nh3 f4 31. Nxg5 Qb7+ 32. d5 Ra5 33. Qxf4 Rxd5 34. Kh2 Ng4+ 35. Qxg4 Rxf2+ 36. Kh3 Rxg5 37. Qxg5 Qg2+ 38. Kh4 1-0

[Event "Wch Blitz 9th"]
[Site "Berlin"]
[Date "2015.10.14"]
[Round "17"]
[White "Harikrishna, Pentala"]
[Black "Inarkiev, Ernesto"]
[Result "1-0"]
[WhiteElo "2737"]
[BlackElo "2660"]
[PlyCount "73"]
[EventDate "2015.10.13"]
[EventType "swiss (blitz)"]
[EventRounds "21"]
[EventCountry "GER"]
[SourceTitle "CBM 168 Extra"]
[Source "ChessBase"]
[SourceDate "2015.10.29"]
[SourceVersion "1"]
[SourceVersionDate "2015.10.29"]
[SourceQuality "1"]

1. Nf3 d5 2. g3 c6 3. Bg2 Bg4 4. h3 Bxf3 5. Bxf3 e5 6. d3 Nf6 7. Nd2 Nbd7 8. Bg2 Bc5 9. e4 O-O 10. O-O dxe4 11. dxe4 a5 $146 ({RR} 11... Qe7 12. a4 h6 13. a5 b5 14. Qe2 a6 15. Nf3 Rfe8 16. Nh4 Qd8 17. Nf5 Qc7 18. Bd2 Bf8 19. Rae1 Rad8 20. f4 exf4 21. gxf4 Nc5 22. Bc3 Ncxe4 23. Nxh6+ Kh8 24. Bxe4 Rxe4 25. Qf3 Rxe1 26. Rxe1 {Edouard,R (2527)-Fischer,D (2341) Hastings ENG 2023 ½-½ (37)}) ({RR} 11... Qe7 12. a4 h6 13. a5 b5 14. Qe2 a6 15. Nf3 Rfe8 16. Nh4 Qd8 17. Nf5 Qc7 18. Bd2 Bf8 19. Rae1 Rad8 20. f4 exf4 21. gxf4 Nc5 22. Bc3 Ncxe4 23. Nxh6+ Kh8 24. Bxe4 Rxe4 25. Qf3 Rxe1 26. Rxe1 {Edouard,R (2527)-Fischer,D (2341) Hastings ENG 2023 ½-½ (37)}) 12. a4 Qe7 13. Qe2 Rfd8 14. Nc4 Nf8 15. Bd2 Bb4 16. c3 Bc5 17. Rab1 N6d7 18. b4 axb4 19. cxb4 Bd4 20. a5 Ne6 21. b5 cxb5 22. Rxb5 Ndc5 23. Nb6 Rab8 24. Nd5 Qe8 25. Rfb1 Rbc8 26. h4 Nc7 27. R5b4 Nxd5 28. exd5 Rd6 29. Rc1 Ra8 30. Rxd4 exd4 31. Qxe8+ Rxe8 32. Rxc5 b6 33. Rc6 Rxc6 34. dxc6 bxa5 35. Bxa5 d3 36. Bh3 Re7 37. c7 1-0

[Event "Wch Blitz 9th"]
[Site "Berlin"]
[Date "2015.10.14"]
[Round "17"]
[White "Iturrizaga Bonelli, Eduardo"]
[Black "Navara, David"]
[Result "1-0"]
[WhiteElo "2641"]
[BlackElo "2734"]
[PlyCount "65"]
[EventDate "2015.10.13"]
[EventType "swiss (blitz)"]
[EventRounds "21"]
[EventCountry "GER"]
[SourceTitle "CBM 168 Extra"]
[Source "ChessBase"]
[SourceDate "2015.10.29"]
[SourceVersion "1"]
[SourceVersionDate "2015.10.29"]
[SourceQuality "1"]

1. Nf3 d5 2. c4 d4 3. b4 Bg4 4. Qb3 Nf6 5. g3 Bxf3 6. Qxf3 e5 7. Qxb7 Nbd7 8. Bg2 Rb8 9. Qxa7 Bxb4 10. O-O O-O 11. Ba3 $146 ({RR} 11. d3 Re8 12. Bg5 Qc8 13. a3 Bc5 14. Qa5 e4 15. Bxf6 Ra8 16. Qb5 c6 17. Qb2 Nxf6 18. Nd2 Rb8 19. Nb3 e3 20. fxe3 Rxe3 21. Qc2 Ba7 22. c5 Qe8 23. Bf3 Rd8 24. Qc4 Nd7 25. Bxc6 Rxe2 {Howell,D (2689)-Tregubov,P (2588) Douglas 2018 1-0}) 11... c5 12. Bxb4 Rxb4 13. d3 Rb2 14. Re1 Re8 15. Na3 e4 16. Nb5 exd3 17. exd3 Ne5 18. Qxc5 Nxd3 19. Rxe8+ Qxe8 20. Qxd4 Qe2 21. Bf1 Qxf2+ 22. Qxf2 Nxf2 23. a4 N6e4 24. a5 Ng5 25. Nd4 Nfh3+ 26. Bxh3 Nxh3+ 27. Kh1 Nf2+ 28. Kg2 Ng4+ 29. Kg1 Ne5 30. a6 Rb8 31. a7 Ra8 32. Rb1 Nd7 33. Rb7 1-0

[Event "Wch Blitz 9th"]
[Site "Berlin"]
[Date "2015.10.14"]
[Round "17"]
[White "Vachier Lagrave, Maxime"]
[Black "Svidler, Peter"]
[Result "1-0"]
[WhiteElo "2758"]
[BlackElo "2727"]
[PlyCount "81"]
[EventDate "2015.10.13"]
[EventType "swiss (blitz)"]
[EventRounds "21"]
[EventCountry "GER"]
[SourceTitle "CBM 168 Extra"]
[Source "ChessBase"]
[SourceDate "2015.10.29"]
[SourceVersion "1"]
[SourceVersionDate "2015.10.29"]
[SourceQuality "1"]

1. Nf3 Nf6 2. g3 d5 3. Bg2 g6 4. c4 d4 5. b4 Bg7 ({RR} 5... c5 6. bxc5 Nc6 7. O-O Bg7 8. d3 O-O 9. Nbd2 Nd7 10. Nb3 e5 11. Ng5 Nf6 12. Rb1 Qe7 13. Ne4 Nxe4 14. Bxe4 Bh3 15. Re1 f5 16. Bd5+ Kh8 17. Bd2 f4 18. Na5 Nxa5 19. Bxa5 Rab8 20. Bb4 {Fressinet,L (2638)-Svidler,P (2714) chess24.com INT 2021 1-0}) 6. d3 ({RR} 6. Bb2 Nh5 7. O-O O-O 8. d3 a5 9. b5 c5 10. bxc6 bxc6 11. Nbd2 Na6 12. Qa4 Rb8 13. Ba3 Nb4 14. Rab1 c5 15. Nb3 Nxa2 16. Bb2 Nc3 17. Bxc3 dxc3 18. Nxc5 Rb2 19. Rxb2 cxb2 20. Rb1 Qc7 {Fataliyeva,U (2381)-Mammadova,G (2333) Baku AZE 2025 1-0 (37)}) 6... Nfd7 $146 ({RR} 6... c5 7. O-O O-O 8. bxc5 Nfd7 9. a4 Nxc5 10. Ba3 Nba6 11. Nbd2 Bd7 12. Bxc5 Nxc5 13. a5 e5 14. Ne1 f5 15. Nc2 Re8 16. Bd5+ Kh8 17. a6 Bc6 18. axb7 Bxb7 19. Bxb7 Nxb7 20. Nb4 e4 21. Nd5 {Sielecki,C (2410)-Klyuner,V Recklinghausen 1999 0-1 (43)}) ({RR} 6... O-O 7. O-O a5 8. b5 Nfd7 9. a4 e5 10. Ba3 Re8 11. Nbd2 c5 12. Ne4 Qe7 13. e3 b6 14. exd4 exd4 15. Re1 Qf8 16. Nfg5 Ra7 17. Nxf7 Qxf7 18. Nd6 Rxe1+ 19. Qxe1 Qf8 20. Qe6+ Kh8 21. Nf7+ {Grischuk,A (2752)-Aronian,L (2784) Chess.com INT 2016 ½-½}) ({RR} 6... O-O 7. O-O Re8 8. Nbd2 e5 9. Nb3 Nbd7 10. a4 c6 11. a5 Rb8 12. e3 dxe3 13. Bxe3 a6 14. Re1 Bf8 15. Bd2 c5 16. bxc5 Nxc5 17. Nxe5 Bf5 18. Nxc5 Bxc5 19. Bc3 Bd4 20. Qb3 Bxc3 21. Qxc3 {Romanov,E (2599)-Obgolts,E (2425) Cheboksary 2021 1-0 (31)}) 7. Nbd2 c5 8. Bb2 Nc6 9. b5 Nce5 10. O-O Nxf3+ 11. Nxf3 O-O 12. Qd2 a5 13. e3 e5 14. exd4 exd4 15. Rfe1 Rb8 16. Qg5 b6 17. Qxd8 Rxd8 18. Bc1 Bb7 19. Bf4 Rbc8 20. Nd2 Bxg2 21. Kxg2 Re8 22. Ne4 Bf8 23. g4 Re6 24. Ng5 Rxe1 25. Rxe1 f6 26. Ne4 Re8 27. Kf1 Kf7 28. Nd6+ Bxd6 29. Bxd6 Rxe1+ 30. Kxe1 Ke6 31. Bc7 f5 32. f3 g5 33. Kf2 h6 34. gxf5+ Kxf5 35. Kg3 a4 36. a3 h5 37. h4 gxh4+ 38. Kxh4 Ne5 39. Bxe5 Kxe5 40. Kg5 Ke6 41. f4 1-0

[Event "Wch Blitz 9th"]
[Site "Berlin"]
[Date "2015.10.14"]
[Round "18"]
[White "Harikrishna, Pentala"]
[Black "Morozevich, Alexander"]
[Result "1-0"]
[WhiteElo "2737"]
[BlackElo "2711"]
[PlyCount "129"]
[EventDate "2015.10.13"]
[EventType "swiss (blitz)"]
[EventRounds "21"]
[EventCountry "GER"]
[SourceTitle "CBM 168 Extra"]
[Source "ChessBase"]
[SourceDate "2015.10.29"]
[SourceVersion "1"]
[SourceVersionDate "2015.10.29"]
[SourceQuality "1"]

1. Nf3 Nf6 2. g3 b5 3. Bg2 Bb7 4. b3 g6 5. Bb2 Bg7 6. O-O O-O 7. Na3 b4 8. Nc4 c5 9. a3 d5 10. Nce5 a5 11. axb4 axb4 12. Rxa8 Bxa8 13. Qa1 $146 ({RR} 13. c3 bxc3 14. dxc3 Qb6 15. Qc2 Na6 16. Ra1 Rb8 17. Nd2 Nc7 18. c4 d4 19. Bxa8 Rxa8 20. Rxa8+ Nxa8 21. Ba3 Nc7 22. Nd3 Na6 23. Qb2 Nd7 24. b4 cxb4 25. Bxb4 e5 26. Qa3 f5 27. Qa4 Nab8 {Hardicsay,P (2199)-Kantor,G (2582) Ajka 2022 ½-½ (31)}) ({RR} 13. c3 bxc3 14. dxc3 Qb6 15. Qc2 Na6 16. Ra1 Rb8 17. Nd2 Nc7 18. c4 d4 19. Bxa8 Rxa8 20. Rxa8+ Nxa8 21. Ba3 Nc7 22. Nd3 Na6 23. Qb2 Nd7 24. b4 cxb4 25. Bxb4 e5 26. Qa3 f5 27. Qa4 Nab8 {Hardicsay,P (2199)-Kantor,G (2582) Ajka 2022 ½-½ (31)}) 13... Nbd7 14. Qa7 d4 15. Nxd7 Nxd7 16. Ra1 Bd5 17. d3 h5 18. Bc1 e5 19. Ra6 Nb8 20. Ra2 e4 21. dxe4 Bxe4 22. Qxc5 Nc6 23. Bf4 Re8 24. Ra6 Bf8 25. Qc4 Bd5 26. Qb5 Qd7 27. Ne5 Rxe5 28. Bxe5 Bxg2 29. Kxg2 Nxe5 30. Qxd7 Nxd7 31. Kf3 Nc5 32. Rb6 Ne6 33. Ke4 Kg7 34. Ke5 Be7 35. f4 h4 36. Rb7 Bf8 37. g4 h3 38. f5 gxf5 39. gxf5 Nc5 40. Rc7 Na6 41. Rc6 Nb8 42. Rc7 Na6 43. Rc6 Nb8 44. Rc7 Na6 45. f6+ Kg6 46. Rc8 Bh6 47. Rg8+ Kh7 48. Rg3 Nc5 49. Kxd4 Nd7 50. Rxh3 Nxf6 51. Kc4 Ng4 52. Kxb4 Kg6 53. Ka5 f5 54. b4 Bd2 55. Ka4 Ne3 56. b5 Nd5 57. Rd3 Nb6+ 58. Kb3 Bf4 59. c4 Bxh2 60. c5 Nc8 61. b6 Ne7 62. Kc4 Kf7 63. Kb5 Ke6 64. c6 Nc8 65. c7 1-0